000 00864nam a22002417a 4500
999 _c14084
_d14084
003 AR-CdUCM
008 190422b ||||| |||| 00| 0 spa d
040 _aMUNICIPALIDAD PROVINCIAL DEL CUSCO
_cBIBLIOTECA MUNICIPAL DEL CUSCO
041 _hpor
082 _aES / 868.9 /
_bM84
_26ed.
100 _aMonteiro Lobato, José Bento
_932736
245 _aEl genio del bosque /
260 _aBuenos Aires :
_bLosada,
_c1958.
300 _a150 páginas ;
_bIlustraciones,
_c20 cm.
440 _n4
_910574
505 _aContenido: El genio del bosque -- Miedo al saci -- Tio Bernabé -- Perucho apresa un saci -- La modorra -- La sacizada ...
650 _aLiteratura brasilera
_913828
650 _aSiglo XX
_98
650 _aCuentos infantiles brasileños
_932737
700 _aPrieto, Ramón (traductor)
_932738
942 _2ddc
_cLIBROS
945 _acmm
_d2019-04-22